Statystyki dla Rozsypanka literowa - ssaki

Kliknij tutaj aby rozwiązać quiz!

Ogólne statystyki

  • Ten quiz został rozwiązany 145 razy
  • Średni wynik to 8 z 12

Statystyki odpowiedzi

rozsypankassak% Poprawnych
aiwkewriówiewiórka
97%
naukkuna
87%
asłciałasica
86%
orżnoecosnosorożec
85%
łssuesuseł
81%
pymnazssszympans
77%
oskubrborsuk
72%
awnralnarwal
58%
pamtalrlampart
54%
makroosrosomak
29%
kzdknocaokoczkodan
26%
kwarywyrak
10%

Rozkład punktacji

Percentyl według liczby udzielonych odpowiedzi

Procent ludzi z każdym wynikiem

Twoja historia wyników

Nie rozwiązałeś tego quizu